Municipal government and administration in India, (Record no. 73869)
[ view plain ]
| 000 -LEADER | |
|---|---|
| fixed length control field | 00732cam a22002411 4500 |
| 001 - CONTROL NUMBER | |
| control field | sa 67003485 |
| 003 - CONTROL NUMBER IDENTIFIER | |
| control field | DLC |
| 005 - DATE AND TIME OF LATEST TRANSACTION | |
| control field | 20260227112338.0 |
| 008 - FIXED-LENGTH DATA ELEMENTS--GENERAL INFORMATION | |
| fixed length control field | 841211s1967 ii b 000 0 eng |
| 010 ## - LIBRARY OF CONGRESS CONTROL NUMBER | |
| LC control number | sa 67003485 |
| 025 ## - OVERSEAS ACQUISITION NUMBER | |
| Overseas acquisition number | PL480:I-E-7459 |
| 035 ## - SYSTEM CONTROL NUMBER | |
| System control number | (OCoLC)11481018 |
| 040 ## - CATALOGING SOURCE | |
| Original cataloging agency | DLC |
| Transcribing agency | NcWsW |
| Modifying agency | DLC |
| 042 ## - AUTHENTICATION CODE | |
| Authentication code | premarc |
| 050 00 - LIBRARY OF CONGRESS CALL NUMBER | |
| Classification number | JS7008 |
| Item number | .K456 |
| 082 ## - DEWEY DECIMAL CLASSIFICATION NUMBER | |
| Classification number | 352/.0009/54 |
| 100 1# - MAIN ENTRY--PERSONAL NAME | |
| Personal name | Khanna, R. L. |
| Fuller form of name | (Rattan Lal) |
| 245 10 - TITLE STATEMENT | |
| Title | Municipal government and administration in India, |
| Statement of responsibility, etc. | by R.L. Khanna. With foreword by P.N. Bhalla. |
| 260 ## - PUBLICATION, DISTRIBUTION, ETC. | |
| Place of publication, distribution, etc. | Chandigarh, |
| Name of publisher, distributor, etc. | Mohindra Capital Publishers |
| Date of publication, distribution, etc. | [1967] |
| 300 ## - PHYSICAL DESCRIPTION | |
| Extent | viii, 212 p. |
| Dimensions | 23 cm. |
| 504 ## - BIBLIOGRAPHY, ETC. NOTE | |
| Bibliography, etc. note | Bibliographical footnotes. |
| 650 #0 - SUBJECT ADDED ENTRY--TOPICAL TERM | |
| Topical term or geographic name entry element | Municipal government |
| Geographic subdivision | India. |
No items available.